Missing Word: Science A-Z Quiz Stats

 Plays Quiz Updated Aug 14, 2014

Support Sporcle.
Go Orange.
Score 0/24 Timer 04:00
0 Plays Today
Hint Answer % Correct
____ CurieMarie
93.7%
Deoxyribonucleic ____Acid
92.9%
____ NewtonIsaac
91.6%
____ MechanicsQuantum
84.3%
____ Space TelescopeHubble
83.4%
Nikola ____Tesla
79.3%
Pavlov's ____Dog
79.1%
____, noble gasXenon
77.5%
Schrödinger's ____Cat
76%
____ CousteauJacques
69.8%
Cathode ____ tubeRay
67.1%
Higgs ____Boson
66.6%
Hint Answer % Correct
Igneous, Metamorphic, and ____Sedimentary
65.9%
____ BohrNiels
60.3%
J. Robert ____Oppenheimer
47.8%
Heisenberg ____ principleUncertainty
46.4%
Johannes ____Kepler
44.8%
____ constant (h)Planck
41%
____–particle dualityWave
36.1%
Pauli ____ principleExclusion
27.6%
____ de BroglieLouis
25.2%
____ free energyGibbs
22%
____ transformFourier
18.7%
____'s paradoxesZeno
18.5%

Today's Daily Dose

You're not logged in!

Compare scores with friends on all Sporcle quizzes.
OR
Log In

From the Vault

Trivia Path

by vikZ

Sometimes trivia is the shortest distance between two points.
Remove Ads.
Support Sporcle.
Get the best of Sporcle when you Go Orange. This ad-free experience offers more features, more stats, and more fun while also helping to support Sporcle. Thank you for becoming a member.

Show Comments

Extras

Top Quizzes Today


Score Distribution

Your Account Isn't Verified!

In order to create a playlist on Sporcle, you need to verify the email address you used during registration. Go to your Sporcle Settings to finish the process.

Report this User

Report this user for behavior that violates our Community Guidelines.

Details: